Bhagavat Vichar (Record no. 9843)

MARC details
000 -LEADER
fixed length control field 00291nam a2200121Ia 4500
008 - FIXED-LENGTH DATA ELEMENTS--GENERAL INFORMATION
fixed length control field 211105s9999 xx 000 0 und d
020 ## - INTERNATIONAL STANDARD BOOK NUMBER
International Standard Book Number VYASA01572
100 ## - MAIN ENTRY--PERSONAL NAME
Personal name Akhandananda Saraswathi
245 #0 - TITLE STATEMENT
Title Bhagavat Vichar
250 ## - EDITION STATEMENT
Edition statement 1st
260 ## - PUBLICATION, DISTRIBUTION, ETC.
Name of publisher, distributor, etc. Satsahitya prakashan trust
Date of publication, distribution, etc. \N
300 ## - PHYSICAL DESCRIPTION
Extent 48
Holdings
Withdrawn status Lost status Damaged status Not for loan Home library Current library Date acquired Cost, normal purchase price Total Checkouts Barcode Date last seen Price effective from Koha item type
        SVYASA SVYASA 06/18/2010 10.00   14104 11/09/2021 11/09/2021 Books

Powered by Koha